000 00985nmm a2200289 a 4500
001 ocm000589477
003 TR-IsHL
005 20201028122315.0
008 131028s2009 tu tur
007 cr cn
020 _a9789944300452
035 _a589477
_b(N$T)
050 0 4 _aHV6432.7
_b.K89 2009
090 0 4 _aHV6432.7
_b.K89 2009
100 1 _aKuzu, Ali
245 1 0 _aAmerika'nın kurduğu gizli örgüt: Gladio
_h[electronic resource] /
_cAli Kuzu ; ed. Sevda Dursun
250 _a1. bs.
260 _aİstanbul :
_bKariyer Yayıncılık,
_c2009
300 _a256 p.
650 4 _aPolitika ve Uluslararası İlişkiler
650 4 _aPolitics and International Relations
650 0 _aİstihbarat servisi
_x Tarih
650 0 _aIntelligence service
_x History
650 7 _aPOLITICAL SCIENCE / Intelligence & Espionage
_2bisacsh
700 1 _aDursun, Sevda
856 4 0 _uhttp://search.ebscohost.com/login.aspx?direct=true&scope=site&db=e011xww&AN=589477
999 _c1798
_d1798